Business policy and strategic management (Record no. 77939)

MARC details
000 -LEADER
fixed length control field 00814nam a2200193 a 4500
008 - FIXED-LENGTH DATA ELEMENTS--GENERAL INFORMATION
fixed length control field 120416s1982 ||||||||||||||||| || u
020 ## - INTERNATIONAL STANDARD BOOK NUMBER
International Standard Book Number 0675098823
050 ## - LIBRARY OF CONGRESS CALL NUMBER
Classification number HD 30.28 Har
100 ## - MAIN ENTRY--PERSONAL NAME
Personal name Harvey, Donald F., 1931-
245 10 - TITLE STATEMENT
Title Business policy and strategic management
260 ## - PUBLICATION, DISTRIBUTION, ETC.
Place of publication, distribution, etc. Columbus, Ohio :
Name of publisher, distributor, etc. C.E. Merrill Pub. Co
Date of publication, distribution, etc. 1982
300 ## - PHYSICAL DESCRIPTION
Extent xv, 752p. : ill.
350 ## -
-- 0.00
500 ## - GENERAL NOTE
General note Includes bibliographical references and indexes.
650 #0 - SUBJECT ADDED ENTRY--TOPICAL TERM
Topical term or geographic name entry element MANAGEMENT
650 #0 - SUBJECT ADDED ENTRY--TOPICAL TERM
Topical term or geographic name entry element STRATEGIC PLANNING
995 ## -
-- BINDERY (DAMAGED)
-- 0.00
-- 709247
-- CBU-MAIN LIBRARY (Kitwe)
-- 2
-- 15.95
-- HD 30.28 Har
-- 2
-- DAMAGED
-- 003112
-- Main Library Open Access Collection
995 ## -
-- BINDERY (DAMAGED)
-- 0.00
-- 709248
-- CBU-MAIN LIBRARY (Kitwe)
-- 1
-- 15.95
-- HD 30.28 Har
-- 1
-- DAMAGED
-- 003111
-- Main Library Open Access Collection
999 ## -
-- 77939
-- 77939
Holdings
Withdrawn status Lost status Source of classification or shelving scheme Damaged status Not for loan Permanent Location Current Location Shelving location Date acquired Total Checkouts Full call number Barcode Date last seen Copy number Price effective from Koha item type
          CBU-MAIN LIBRARY, KITWE. CBU-MAIN LIBRARY, KITWE.   05/03/2023   HD 30.28 Har 003112 05/03/2023 1 05/03/2023 MONOGRAPH
          CBU-MAIN LIBRARY, KITWE. CBU-MAIN LIBRARY, KITWE.   05/03/2023   HD 30.28 Har 003111 05/03/2023 2 05/03/2023 MONOGRAPH